[Event "36th European Club Cup 2021"]
[Site "Struga"]
[Date "2021.09.18"]
[Round "1.21"]
[White "Filipovic, Slobodan J"]
[Black "Zvjaginsev, Vadim"]
[Result "0-1"]
[WhiteElo "2214"]
[BlackElo "2603"]
[Annotator "TA"]
[PlyCount "54"]
[EventDate "2021.09.18"]
[EventType "team-tourn"]
[EventCountry "MKD"]
[SourceTitle "playchess.com"]
[Source "ChessBase"]
[SourceQuality "1"]

{[%evp 9,54,-2,4,-9,0,-1,3,7,6,-1,9,-25,0,-47,-31,-54,-25,-27,-39,-37,-33,-125,
-69,-270,-267,-272,-266,-345,-315,-531,-505,-571,-561,-540,-507,-926,-916,
-1184,-1019,-907,-724,-2586,-2570,-5597,-2047,-2025,-1650]} 1. c4 e5 2. Nc3 d6
3. g3 Be7 4. Nd5 {[#]} f5 $146 ({Predecessor:} 4... c6 5. Nxe7 Qxe7 6. Bg2 Nf6
7. d3 Qc7 8. Nf3 O-O 9. Bg5 Nbd7 10. O-O Rb8 11. Rc1 {1/2-1/2 (18) Lehmann,E 
(943)-Schirmer,C (1092) Willingen 2009}) 5. Nxe7 Qxe7 6. e3 {A21: English
Opening: 1...e5 2 Nc3.} Nf6 7. Ne2 O-O 8. Bg2 {The position is equal.} Nc6 9.
d4 Bd7 10. d5 Nd8 11. f4 b5 12. c5 e4 ({Weaker is} 12... dxc5 13. d6 $16) 13.
c6 Be8 14. b4 a5 $1 {[%cal Ba7a5,Ba5b4][%mdl 32] And now ...Qf7 would win.} 15.
Ba3 {[#]} (15. Rb1 $15) 15... Bh5 ({Better is} 15... axb4 $1 $17 16. Bxb4 Bh5)
16. Qd4 $2 {This move loses the game for White.} (16. Bb2 $15) 16... Bxe2 $19
17. Kxe2 Qf7 18. g4 Nxd5 ({Less strong is} 18... Qxd5 19. Qxd5+ Nxd5 20. gxf5
$17) 19. Rhc1 (19. Rhd1 Nf6 20. gxf5) 19... axb4 {Black is clearly winning.}
20. Bb2 {[#]} Ne6 $1 21. Qd2 Nc5 22. Rxc5 (22. gxf5 $142 Qxf5 23. Kf1) 22...
dxc5 23. gxf5 Nc3+ 24. Bxc3 bxc3 25. Qc2 Rfd8 26. Qxe4 Rd2+ (26... Rxa2+ $142
27. Rxa2 Qxa2+ 28. Kf3 c2) 27. Ke1 Qh5 {[%csl Gd2][%cal Rh5e2] Weighted Error
Value: White=1.23/Black=0.41} 0-1

[Event "36th European Club Cup 2021"]
[Site "Struga"]
[Date "2021.09.18"]
[Round "1.22"]
[White "Rublevsky, Sergei"]
[Black "Schwerteck, Michael"]
[Result "1-0"]
[WhiteElo "2641"]
[BlackElo "2113"]
[Annotator "TA"]
[PlyCount "43"]
[EventDate "2021.09.18"]
[EventType "team-tourn"]
[EventCountry "MKD"]
[SourceTitle "playchess.com"]
[Source "ChessBase"]
[SourceQuality "1"]

{[%evp 13,43,3,8,1,9,8,10,10,18,10,33,0,43,50,40,45,47,50,41,53,48,44,59,53,93,
98,92,87,386,395,448,424]} 1. e4 e5 2. Nf3 Nc6 3. Bb5 a6 4. Ba4 Nf6 5. d3 d6 6.
c4 g6 7. Nc3 Bg7 8. Nd5 {C77: Ruy Lopez: 3...a6 4 Ba4 Nf6, unusual lines.} Nd7
9. Bg5 f6 10. Be3 {The position is equal.} O-O {[#]} 11. b4 $146 ({Predecessor:
} 11. O-O Kh8 12. Re1 Rf7 13. h3 Nc5 14. Bxc5 dxc5 15. Bxc6 bxc6 16. Nc3 Rd7
17. Qa4 {1-0 (74) Filippov,A (2582)-Buhmann,R (2640) Baku 2016}) 11... Ne7 12.
Rc1 c6 13. Nxe7+ Qxe7 14. c5 f5 15. O-O f4 16. cxd6 Qxd6 17. Bd2 h6 18. Bc3 Nb6
19. Bb3+ Be6 20. d4 {[%cal Rd4e5]} exd4 $2 {[%mdl 8192] [#]} (20... Rae8 $16 {
is a better defense.}) 21. Bxd4 $18 Bxd4 22. Qxd4 {Weighted Error Value:
White=0.04/Black=0.58} 1-0

[Event "36th European Club Cup 2021"]
[Site "Struga"]
[Date "2021.09.18"]
[Round "1.23"]
[White "Visintin, Roberto"]
[Black "Alekseev, Evgeny"]
[Result "1/2-1/2"]
[WhiteElo "2029"]
[BlackElo "2610"]
[Annotator "TA"]
[PlyCount "136"]
[EventDate "2021.09.18"]
[EventType "team-tourn"]
[EventCountry "MKD"]
[SourceTitle "playchess.com"]
[Source "ChessBase"]
[SourceQuality "1"]

{[%evp 10,136,25,11,16,7,15,11,9,5,9,4,20,-5,9,0,0,9,26,-11,-14,-7,-9,-19,-16,
-20,0,1,-6,-39,-28,-27,-27,-37,-23,-37,-40,-37,-37,-49,-20,-50,-43,-50,-33,-45,
-42,-79,-49,-77,-56,-92,-55,-75,-81,-68,-80,-93,-57,-85,-76,-114,-91,-177,-109,
-95,-86,-121,-122,-110,-112,-127,-106,-116,-112,-112,-83,-84,-86,-100,-21,-22,
-14,-14,-14,-15,-18,-18,0,-133,-130,-114,-128,-122,-111,-125,-111,-107,-18,
-125,-121,-121,-127,-141,-133,-126,-126,-124,-125,-127,-152,-138,-129,-157,
-200,-343,-341,-341,-340,-302,-43,-210,0,0,0,0,0,0,0]} 1. d4 Nf6 2. Bg5 e6 3.
e4 h6 4. Bxf6 Qxf6 5. c3 d6 6. Bd3 g6 {A45: Trompowsky Attack.} 7. Ne2 e5 8.
O-O Bg7 9. Nd2 O-O 10. f4 Qe7 11. Nf3 Nd7 {[#]} 12. f5 $146 ({Predecessor:} 12.
Qc2 b6 13. Rae1 Bb7 14. fxe5 dxe5 15. Ng3 Rad8 16. Bc4 a6 17. Kh1 b5 18. Bb3 {
1-0 (26) Piorun,K (2611)-Tregubov,P (2588) Moscow 2019}) 12... Nf6 13. Ng3 b6
14. fxg6 fxg6 15. Qe2 a6 16. Rad1 Kh7 17. a4 c6 18. dxe5 dxe5 19. Qe3 Qc7 20.
h3 Be6 21. Bc2 Rad8 22. Qe2 b5 23. Rxd8 Rxd8 24. Rd1 Re8 25. Qe3 Bf8 26. Kh1
Be7 27. Qf2 Rf8 28. Qe3 Kg7 29. Qg1 Nh7 30. Rf1 Bc4 31. Rd1 Ng5 32. Nd2 Be6 33.
Rf1 Rxf1 34. Ndxf1 h5 35. Nh2 c5 36. Qe3 (36. axb5 $17 {is a better defense.}
axb5 37. Qe1) 36... c4 ({Better is} 36... bxa4 $1 $19 37. Bxa4 Qb7) 37. Ngf1
$17 Qc5 38. Qxc5 Bxc5 39. axb5 axb5 40. Nd2 Kf6 41. h4 Nf7 42. g3 Bh3 43. Nhf3
Be3 44. b3 Nd6 (44... g5 $17 {aiming for ...g4.} 45. hxg5+ Nxg5 46. Nxg5 Bxg5)
45. bxc4 $11 bxc4 {Threatening ...Bc8.} 46. Ba4 $1 Bb6 47. Bc6 Ba5 48. Nb1 Bb6
49. Ng5 (49. Nbd2 $11) 49... Bf1 $17 {...Bd3 is the strong threat.} 50. Nf3 Bd3
51. Nfd2 Be3 52. Bd5 Ke7 53. Kg2 Kd8 (53... Bh6 $17 54. Kf2 Kd7) 54. Kf3 (54.
Nf1 $1 $11 {remains equal.}) 54... Bh6 55. Bg8 Ke7 56. Bd5 Kd7 57. Bg8 Kc6 58.
Bh7 g5 59. Bg6 gxh4 60. gxh4 Kc5 61. Bxh5 Nb5 $1 {[%cal Rb5c3] Strongly
threatening ...Nxc3!} 62. Bf7 {[#]} (62. Be8 $142 Nxc3 {[%mdl 64] Deflection}
63. Nxc3 Bxd2 64. h5) 62... Nxc3 $1 $19 {[%mdl 576] Deflection} 63. Nxc3 {
Threatens to win with Ndb1.} Bxd2 {KBB-KBN} 64. h5 {[#]} Kd6 $2 ({Don't go for
} 64... Bxc3 $2 65. h6 $18) (64... Bc2 $1 $19 {Hoping for ...Kd4.} 65. Bg8 Kd4
66. Nb5+ Kd3) 65. Nd5 $2 {[#]} (65. Bg8 $1 $15) 65... Bh6 $2 (65... c3 $1 $19 {
[%cal Rc3c2] ( -> ...c2)} 66. Nb4 Bb5) 66. Nb4 $11 {The position is equal.} Kc5
67. Nxd3+ cxd3 68. Bb3 Kd4 {Weighted Error Value: White=0.14/Black=0.15}
1/2-1/2

[Event "36th European Club Cup 2021"]
[Site "Struga"]
[Date "2021.09.18"]
[Round "1.24"]
[White "Sychev, Klementy"]
[Black "Dishman, Matthew"]
[Result "1-0"]
[WhiteElo "2556"]
[BlackElo "1949"]
[Annotator "ChessBase"]
[PlyCount "55"]
[EventDate "2021.09.18"]
[EventType "team-tourn"]
[EventCountry "MKD"]
[SourceTitle "playchess.com"]
[Source "ChessBase"]
[SourceQuality "1"]
[TimeControl "40/5400+30:1800+30"]

1. e4 {[%emt 0:00:43]} c5 {[%emt 0:00:07]} 2. Nf3 {[%emt 0:00:13]} e6 {[%emt 0:
00:04]} 3. d4 {[%emt 0:00:09]} cxd4 {[%emt 0:00:05]} 4. Nxd4 {[%emt 0:00:04]}
a6 {[%emt 0:00:08]} 5. Bd3 {[%emt 0:01:08]} g6 {[%emt 0:00:08]} 6. Nc3 {
[%emt 0:00:24]} Bg7 {[%emt 0:00:16]} 7. Be3 {[%emt 0:00:05]} Ne7 {[%emt 0:00:
30]} 8. Qd2 {[%emt 0:02:38]} d5 {[%emt 0:00:57]} 9. Nf3 {[%emt 0:06:07]} dxe4 {
[%emt 0:14:18]} 10. Nxe4 {[%emt 0:00:12]} O-O {[%emt 0:01:39]} 11. Bh6 {
[%emt 0:08:41]} Nf5 {[%emt 0:15:07]} 12. Bxg7 {[%emt 0:00:25]} Kxg7 {[%emt 0:
01:59]} 13. Qc3+ {[%emt 0:00:36]} f6 {[%emt 0:01:34]} 14. g4 {[%emt 0:01:15]}
Nd6 {[%emt 0:03:50]} 15. O-O-O {[%emt 0:00:57]} Nxe4 {[%emt 0:10:28]} 16. Bxe4
{[%emt 0:00:13]} Qe7 {[%emt 0:01:09]} 17. g5 {[%emt 0:00:22]} Nd7 {[%emt 0:04:
51]} 18. Rhe1 {[%emt 0:13:59]} Rf7 {[%emt 0:09:13]} 19. h4 {[%emt 0:01:07]} Nf8
{[%emt 0:03:10]} 20. Rg1 {[%emt 0:04:58]} Rb8 {[%emt 0:08:37]} 21. Ne5 {
[%emt 0:01:14]} Bd7 {[%emt 0:03:12]} 22. Nxf7 {[%emt 0:00:16]} Kxf7 {[%emt 0:
00:16]} 23. Qc7 {[%emt 0:01:27]} Rc8 {[%emt 0:04:23]} 24. Qxb7 {[%emt 0:00:10]}
f5 {[%emt 0:00:12]} 25. Bf3 {[%emt 0:02:41]} Kg8 {[%emt 0:02:03]} 26. c3 {
[%emt 0:00:56]} a5 {[%emt 0:03:04]} 27. Rd2 {[%emt 0:00:14]} a4 {[%emt 0:01:43]
} 28. Rgd1 {[%emt 0:00:16]} 1-0

[Event "36th European Club Cup 2021"]
[Site "Struga"]
[Date "2021.09.18"]
[Round "1.25"]
[White "Korobov, Anton"]
[Black "Sammalvuo, Tapani"]
[Result "1-0"]
[WhiteElo "2685"]
[BlackElo "2416"]
[Annotator "TA"]
[PlyCount "85"]
[EventDate "2021.09.18"]
[EventType "team-tourn"]
[EventCountry "MKD"]
[SourceTitle "playchess.com"]
[Source "ChessBase"]
[SourceQuality "1"]

{[%evp 9,85,16,22,27,40,37,31,34,35,40,41,26,35,22,50,44,99,69,56,40,127,125,
151,157,157,157,216,187,202,213,207,194,208,193,186,196,213,200,264,265,241,
220,249,186,185,189,186,163,217,201,205,143,136,156,164,167,213,188,196,183,
262,236,237,237,394,383,517,515,512,502,482,393,1513,1316,1537,6323,2514,735]} 
1. d4 Nf6 2. c4 e6 3. Nf3 b6 4. a3 Ba6 5. Qb3 d5 6. cxd5 {E12: Queen's Indian:
Unusual White 4th moves, 4 a3, 4 Nc3 Bb7 5 a3 and 4 Nc3 Bb7 .} Qxd5 7. Qc2 c5
8. Nc3 {White is slightly better.} Qb7 9. dxc5 bxc5 10. g3 Nbd7 11. Bg2 {[#]}
Rc8 $146 ({Predecessor:} 11... Rd8 12. O-O Qc8 13. Qa4 Bd6 14. Rd1 Bb8 15. b4
O-O 16. b5 Bb7 17. Qc2 Ne5 {0-1 (44) Dzevlan,M (2447)-Hultin,J (2325) Sweden
2001}) 12. O-O {Hoping for Ne5!} Bd6 (12... Qb6 $14) 13. Rd1 Qb6 14. Ng5 Rd8 {
[#]} ({Black should play} 14... Be7 $14) 15. Nge4 $1 $16 Nxe4 16. Nxe4 ({Reject
} 16. Qxe4 $6 O-O $11) 16... Be5 {[#]} 17. Bf4 $1 {Rxd7! is the strong threat.}
Bxf4 (17... Qxb2 $16 {was called for.} 18. Qxb2 Bxb2) 18. gxf4 $18 O-O 19. Rd6
Qa5 20. Rad1 Nb8 21. b4 Qc7 22. bxc5 Rxd6 23. Nxd6 Rd8 24. f5 exf5 25. Qxf5 Bc8
26. Qb1 Be6 27. Rc1 Qe7 28. Nb7 Rd4 (28... Rd2 $142 29. Qe4 Qf6) 29. c6 {
And now c7 would win.} Na6 30. Rd1 Rxd1+ 31. Qxd1 Nc7 32. Qd4 Bc8 33. Nd6 Qd8
34. e3 Ne6 (34... Be6 {was necessary.} 35. h3 (35. Qxa7 Nb5 $16) 35... h6) 35.
Qb4 {aiming for Qb8.} Ba6 36. h3 Qc7 $2 (36... h5 37. h4 Be2) 37. Bd5 Qd8 38.
Bxe6 fxe6 39. Qc5 Qc7 40. a4 Be2 $2 (40... h6 41. Nb5 Qa5) 41. Qe5 {White is
clearly winning.} h6 42. Qxe6+ Kh7 43. Qd7 {Weighted Error Value: White=0.08/
Black=0.23} (43. Nb5 $142 Bxb5 44. axb5) 1-0

[Event "36th European Club Cup 2021"]
[Site "Struga"]
[Date "2021.09.18"]
[Round "1.26"]
[White "Kjartansson, David"]
[Black "Shirov, Alexei"]
[Result "0-1"]
[WhiteElo "2326"]
[BlackElo "2652"]
[Annotator "TA"]
[PlyCount "88"]
[EventDate "2021.09.18"]
[EventType "team-tourn"]
[EventCountry "MKD"]
[SourceTitle "playchess.com"]
[Source "ChessBase"]
[SourceQuality "1"]

{[%evp 9,88,0,12,8,20,22,22,12,0,-2,-10,-12,14,5,4,3,6,7,6,7,3,12,17,11,20,0,2,
6,19,10,27,0,43,38,31,42,29,18,12,21,20,6,16,14,19,0,0,0,0,0,0,0,0,-34,-34,-28,
-41,-69,-69,-67,-50,-77,-49,-120,-124,-126,-116,-141,-149,-220,-228,-370,-379,
-322,-325,-439,-235,-643,-624,-585,-482]} 1. d4 Nf6 2. c4 e6 3. Nf3 b6 4. Bf4
Bb7 5. e3 Be7 6. Be2 {E12: Queen's Indian: Unusual White 4th moves, 4 a3, 4
Nc3 Bb7 5 a3 and 4 Nc3 Bb7 .} c5 7. dxc5 bxc5 8. Nc3 {The position is equal.}
d6 {[#]} 9. O-O $146 ({Predecessor:} 9. h3 O-O 10. O-O Qb6 11. Qc2 Nc6 12. Rac1
Rfd8 13. Rfd1 Rd7 14. Rd2 Rad8 15. Rcd1 {0-1 (40) Schroll,G (2395)-Atlas,V 
(2465) Austria 1998}) 9... Nh5 10. Qb3 Nxf4 11. Qxb7 Nxe2+ 12. Nxe2 Nd7 13. b3
Qb8 14. Qc6 a6 15. Rad1 Ra7 16. Rd2 O-O 17. Nc3 Qb4 18. Rc1 Rd8 19. h3 Nb8 (
19... Bf6 {is more complex.} 20. Rd3 Nb8 21. Qe4 Rad7 22. Na4 h6) 20. Qa4 (20.
Qe4 {feels hotter.} h6 21. Na4 Rad7 22. g3 Bf6 23. Kg2) 20... Qxa4 21. Nxa4 f5
22. h4 h6 23. g3 Kf7 24. Rcd1 Nd7 25. Kg2 Raa8 26. Nc3 Nf6 27. Ne1 g5 28. hxg5
hxg5 29. Nf3 Kg6 30. Re2 g4 31. Ne1 (31. Ng1 {is interesting.} Ne4 32. Nxe4
fxe4 33. Ree1 Rh8 34. Ne2) 31... Ne4 $1 {[%cal Re4c3]} 32. Nxe4 fxe4 33. Nc2
Rh8 34. Ree1 Rad8 35. b4 Rc8 36. bxc5 (36. Rb1 $1 $15) 36... Rxc5 $17 37. Nd4
e5 ({Weaker is} 37... Rxc4 38. Nxe6 Rb8 39. Rd2 $16) 38. Nb3 Rxc4 39. Rd5 (39.
Nd2 $17 {keeps fighting.} Ra4 40. Rc1) 39... Rc2 $19 40. Ra5 (40. Rc1 $142 Rxa2
41. Rc7) 40... Rf8 41. Rf1 {[#]} Bg5 $1 {[%cal Rg5e3] White must now prevent ..
.Bxe3.} 42. Rxa6 Rf6 (42... Bxe3 $142 {Hoping for ...Rf6.} 43. Rxd6+ Kg5) 43.
Ra8 $2 (43. Na1 Re2 44. Ra3) 43... Bxe3 44. Rg8+ Kf7 {Weighted Error Value:
White=0.29/Black=0.11} 0-1

[Event "36th European Club Cup 2021"]
[Site "Struga"]
[Date "2021.09.18"]
[Round "1.27"]
[White "Abasov, Nijat"]
[Black "Thorhallsson, Simon"]
[Result "1-0"]
[WhiteElo "2652"]
[BlackElo "2237"]
[Annotator "TA"]
[PlyCount "75"]
[EventDate "2021.09.18"]
[EventType "team-tourn"]
[EventCountry "MKD"]
[SourceTitle "playchess.com"]
[Source "ChessBase"]
[SourceQuality "1"]

{[%evp 9,75,18,31,19,24,14,21,14,12,15,33,22,70,20,44,37,43,18,13,14,18,8,0,0,
20,-13,76,74,149,38,92,83,93,87,165,173,257,210,207,156,179,182,175,135,207,
223,224,233,274,283,238,189,501,488,471,466,590,605,29975,29976,29976,29977,
29975,29976,29971,6270,29972,11560]} 1. e4 e6 2. d4 d5 3. exd5 exd5 4. Nf3 Nf6
5. Bd3 c5 6. O-O {C01: French: Exchange Variation.} c4 7. Be2 Bd6 8. b3 {
The position is equal.} cxb3 $1 9. axb3 O-O 10. Bg5 h6 11. Bh4 {[#]} (11. Bxf6
$5 Qxf6 12. Nc3 $14) 11... g5 $146 ({Predecessor:} 11... Nc6 12. c4 Bg4 13. Nc3
dxc4 14. bxc4 Bxf3 15. Bxf3 Nxd4 16. Bxb7 Rb8 17. Bd5 Nxd5 18. Bxd8 Nxc3 {
1-0 (68) Terry,R (2825)-Volovich,V (2561) Chess.com INT 2019}) 12. Bg3 Ne4 13.
c4 Bxg3 14. fxg3 Be6 15. Bd3 Nc6 16. Kh1 Re8 17. Nbd2 Nxd2 (17... Bf5 $11 {
remains equal.}) 18. Qxd2 $16 Kg7 {[#]} (18... f6 $142) 19. Qc3 (19. Rae1 $1
$16) 19... Rc8 (19... a5 $14) 20. c5 a6 21. b4 Na7 {[#]} (21... f6 $16) 22. Bc2
$1 $18 {Threatens to win with Qd3.} Rc7 (22... Nc6 {was called for.} 23. Rae1
f6) 23. Qd3 {Qh7+ is the strong threat.} Rh8 24. Ne5 Nc6 25. Nxc6 Rxc6 26. Rae1
$36 {[%mdl 2048] White is really pushing.} Bg4 (26... Bc8 $16 27. Re5 Rf6) 27.
h3 Bh5 28. Re5 Rf6 29. Rxf6 Qxf6 30. Qe3 ({Stronger than} 30. Rxd5 Bg6 $11)
30... Bg6 $2 (30... Rd8 31. Bb3 Kf8 32. Bxd5 Qf1+ 33. Kh2 f6) 31. Bxg6 Qxg6 32.
Rxd5 {[%mdl 4096] Endgame KQR-KQR} Qb1+ 33. Kh2 Qxb4 34. Qe5+ Kh7 35. Qf6 {
[%cal Rf6f7]} Rf8 36. Rd6 Qd2 37. Qxh6+ Kg8 38. Rd5 {Weighted Error Value:
White=0.15/Black=0.53} 1-0

[Event "36th European Club Cup 2021"]
[Site "Struga"]
[Date "2021.09.18"]
[Round "1.28"]
[White "Bjornsson, Tomas"]
[Black "Santos Latasa, Jaime"]
[Result "0-1"]
[WhiteElo "2175"]
[BlackElo "2627"]
[Annotator "TA"]
[PlyCount "124"]
[EventDate "2021.09.18"]
[EventType "team-tourn"]
[EventCountry "MKD"]
[SourceTitle "playchess.com"]
[Source "ChessBase"]
[SourceQuality "1"]

{[%evp 21,124,-6,-10,-13,-10,-13,-10,-13,-13,-13,-13,-10,0,-7,0,-7,0,0,11,-11,
-10,0,0,0,0,0,0,0,0,0,0,0,0,0,0,0,0,0,24,16,23,24,43,48,76,49,60,31,82,25,33,8,
10,0,0,0,0,-4,-6,-8,0,0,0,-8,-8,-8,0,0,0,0,0,0,0,0,0,0,0,0,0,0,0,0,0,0,0,0,0,0,
0,0,0,0,0,0,0,0,0,0,0,0,0,0,0,-29996,-39]} 1. d4 Nf6 2. c4 e6 3. Nf3 d5 4. Nc3
c6 5. cxd5 exd5 6. Bg5 Be7 7. Qc2 g6 8. e3 Bf5 9. Bd3 Bxd3 10. Qxd3 Nbd7 11.
O-O O-O 12. Rfe1 {D36: Queen's Gambit Declined: Exchange Variation: Main line 
(5 Bg5 c6 6 Qc2).} Ne4 13. Bxe7 ({Don't go for} 13. Nxe4 $2 dxe4 14. Qxe4 Bxg5
$19) 13... Qxe7 14. Nd2 {[%cal Rd2e4] The position is equal.} f5 15. f3 Nxd2
16. Qxd2 Nf6 {[#]} 17. Ne2 $146 ({Predecessor:} 17. Qd3 Rfe8 18. a3 Qd6 19. b4
Re7 20. Re2 Rae8 21. Rae1 Kg7 22. e4 fxe4 23. fxe4 Nxe4 24. Nxe4 Rxe4 25. Rxe4
Rxe4 26. Rxe4 dxe4 27. Qxe4 {0-1 (88) Owoc,J (1787)-Grochol,K (2006) Szklarska
Poreba 2021}) 17... Rae8 18. Nf4 Nd7 19. Nd3 g5 20. Qb4 Qxb4 21. Nxb4 Nb6 22.
b3 Nc8 23. Nd3 Nd6 24. a4 a5 25. Rac1 Re6 26. Nc5 Re7 27. Nd3 Kg7 28. Kf2 Rfe8
29. Ne5 f4 30. e4 dxe4 31. fxe4 Ra8 32. Kf3 Ra6 33. Nc4 Nf7 34. h4 h6 (34... b5
$14) 35. hxg5 ({Better is} 35. e5 $16) 35... hxg5 $11 36. g3 b5 37. Nb2 (37.
Na3 {is interesting.} fxg3 38. Rc5 bxa4 39. bxa4 Rb6 40. Nc4) 37... fxg3 38.
Kxg3 Rb6 39. Rc3 Nd6 40. Kf3 Rf7+ 41. Kg2 Re7 42. axb5 Rxb5 43. Nc4 Nxc4 ({
But not} 43... Nxe4 $6 44. Rce3 $16) 44. Rxc4 Rxb3 45. Rxc6 {[%mdl 4096]
Endgame KRR-KRR} a4 46. d5 a3 {...a2 is the strong threat.} 47. Ra6 Rc7 48. Ra1
Rc2+ 49. Kg1 Rg3+ (49... Rcc3 {feels hotter.} 50. Rd1 Rh3 51. d6 Rhg3+ 52. Kf2
Rbf3+) 50. Kf1 Rcc3 {[#] White must now prevent ...Rcf3+.} 51. d6 Kf6 52. e5+
Ke6 {Hoping for ...Rcf3+.} 53. Ra7 g4 54. Re7+ Kf5 {Threatens to win with ...
Rcf3+.} 55. d7 Rcf3+ 56. Ke2 Rg2+ 57. Ke1 {aiming for Rf7+.} Re3+ 58. Kf1 $1
Rd2 59. Ra2 Red3 60. d8=Q $1 {[%cal Rd8c8] Threatening mate with Qc8+.} Rxd8
61. Rxa3 Rd1+ 62. Kg2 $2 {[%mdl 8192] [#]} (62. Kf2 $11) 62... R8d2+ {Weighted
Error Value: White=0.20/Black=0.04} 0-1

[Event "36th European Club Cup 2021"]
[Site "Struga"]
[Date "2021.09.18"]
[Round "1.29"]
[White "Alonso Rosell, Alvar"]
[Black "Petursson, Gudni"]
[Result "1-0"]
[WhiteElo "2566"]
[BlackElo "2016"]
[Annotator "ChessBase"]
[PlyCount "72"]
[EventDate "2021.09.18"]
[EventType "team-tourn"]
[EventCountry "MKD"]
[SourceTitle "playchess.com"]
[Source "ChessBase"]
[SourceQuality "1"]
[TimeControl "40/5400+30:1800+30"]

1. Nf3 {[%emt 0:00:05]} Nf6 {[%emt 0:00:39]} 2. c4 {[%emt 0:00:30]} e6 {
[%emt 0:01:13]} 3. g3 {[%emt 0:00:54]} d5 {[%emt 0:00:07]} 4. Bg2 {[%emt 0:00:
05]} Be7 {[%emt 0:03:39]} 5. O-O {[%emt 0:00:33]} O-O {[%emt 0:00:09]} 6. b3 {
[%emt 0:00:10]} b6 {[%emt 0:01:44]} 7. cxd5 {[%emt 0:02:21]} exd5 {[%emt 0:00:
21]} 8. d4 {[%emt 0:00:07]} Bb7 {[%emt 0:01:03]} 9. Nc3 {[%emt 0:00:15]} Nbd7 {
[%emt 0:05:17]} 10. Bb2 {[%emt 0:03:32]} Re8 {[%emt 0:06:53]} 11. Rc1 {[%emt 0:
01:00]} c6 {[%emt 0:02:02]} 12. e3 {[%emt 0:03:04]} Bd6 {[%emt 0:02:37]} 13.
Ne2 {[%emt 0:05:30]} Qe7 {[%emt 0:02:02]} 14. Nf4 {[%emt 0:02:20]} Rac8 {
[%emt 0:00:22]} 15. Nd3 {[%emt 0:03:33]} Ba3 {[%emt 0:02:24]} 16. Qc2 {[%emt 0:
02:47]} Bxb2 {[%emt 0:00:07]} 17. Qxb2 {[%emt 0:00:06]} Rc7 {[%emt 0:06:15]}
18. Rc2 {[%emt 0:00:41]} Ne4 {[%emt 0:04:52]} 19. Rfc1 {[%emt 0:03:56]} c5 {
[%emt 0:01:10]} 20. Qa3 {[%emt 0:04:22]} f5 {[%emt 0:02:14]} 21. dxc5 {[%emt 0:
03:35]} bxc5 {[%emt 0:01:09]} 22. Qa5 {[%emt 0:04:09]} Rec8 {[%emt 0:01:46]}
23. Nd4 {[%emt 0:02:17]} c4 {[%emt 0:53:55]} 24. Nb5 {[%emt 0:27:16]} Ndc5 {
[%emt 0:00:00]} 25. Nxc7 {[%emt 0:20:58]} Nxd3 {[%emt 0:00:00]} 26. Nxd5 {
[%emt 0:00:46]} Qd7 {[%emt 0:00:00]} 27. bxc4 {[%emt 0:05:25]} Nxc1 {[%emt 0:
00:00]} 28. Bxe4 {[%emt 0:00:06]} fxe4 {[%emt 0:00:00]} 29. Rxc1 {[%emt 0:00:
11]} Bxd5 {[%emt 0:00:00]} 30. Rd1 {[%emt 0:00:07]} Rxc4 {[%emt 0:00:00]} 31.
Rxd5 {[%emt 0:00:09]} Rc1+ {[%emt 0:00:00]} 32. Kg2 {[%emt 0:00:02]} Qc7 {
[%emt 0:00:00]} 33. Rd8+ {[%emt 0:00:09]} Kf7 {[%emt 0:00:00]} 34. Qf5+ {
[%emt 0:00:14]} Ke7 {[%emt 0:00:00]} 35. Qf8+ {[%emt 0:00:03]} Ke6 {[%emt 0:00:
00]} 36. Re8+ {[%emt 0:00:05]} Kd5 {[%emt 0:06:30]} 1-0

[Event "36th European Club Cup 2021"]
[Site "Struga"]
[Date "2021.09.18"]
[Round "1.30"]
[White "Runarsson, Gunnar"]
[Black "Henderson de La Fuente, Lance"]
[Result "0-1"]
[WhiteElo "1944"]
[BlackElo "2491"]
[Annotator "ChessBase"]
[PlyCount "78"]
[EventDate "2021.09.18"]
[EventType "team-tourn"]
[EventCountry "MKD"]
[SourceTitle "playchess.com"]
[Source "ChessBase"]
[SourceQuality "1"]
[TimeControl "40/5400+30:1800+30"]

1. d4 {[%emt 0:00:02]} Nf6 {[%emt 0:00:24]} 2. Nf3 {[%emt 0:00:13]} b6 {
[%emt 0:00:48]} 3. Bf4 {[%emt 0:00:54]} Bb7 {[%emt 0:01:15]} 4. e3 {[%emt 0:00:
57]} g6 {[%emt 0:00:24]} 5. Bd3 {[%emt 0:01:56]} Bg7 {[%emt 0:01:06]} 6. O-O {
[%emt 0:02:24]} O-O {[%emt 0:01:37]} 7. c4 {[%emt 0:01:24]} d6 {[%emt 0:02:27]}
8. Nc3 {[%emt 0:01:10]} Nbd7 {[%emt 0:01:00]} 9. Qe2 {[%emt 0:03:41]} Re8 {
[%emt 0:04:11]} 10. e4 {[%emt 0:06:26]} e5 {[%emt 0:02:46]} 11. dxe5 {[%emt 0:
03:16]} dxe5 {[%emt 0:01:18]} 12. Bg5 {[%emt 0:00:43]} h6 {[%emt 0:01:41]} 13.
Bh4 {[%emt 0:01:45]} c6 {[%emt 0:02:22]} 14. Rad1 {[%emt 0:05:42]} Qc7 {
[%emt 0:01:13]} 15. Bc2 {[%emt 0:02:47]} Nh5 {[%emt 0:03:10]} 16. Rd2 {[%emt 0:
10:31]} Nc5 {[%emt 0:02:41]} 17. Rfd1 {[%emt 0:06:23]} Ne6 {[%emt 0:08:55]} 18.
Bg3 {[%emt 0:04:41]} Nd4 {[%emt 0:09:24]} 19. Qe3 {[%emt 0:13:29]} Nxg3 {
[%emt 0:00:56]} 20. hxg3 {[%emt 0:00:53]} Rad8 {[%emt 0:00:17]} 21. Bb1 {
[%emt 0:01:29]} Bc8 {[%emt 0:06:43]} 22. Ne2 {[%emt 0:07:27]} Ne6 {[%emt 0:06:
57]} 23. b3 {[%emt 0:04:10]} h5 {[%emt 0:01:06]} 24. Rxd8 {[%emt 0:07:46]} Rxd8
{[%emt 0:00:19]} 25. Rxd8+ {[%emt 0:00:45]} Qxd8 {[%emt 0:00:03]} 26. Qd3 {
[%emt 0:01:35]} Qe7 {[%emt 0:00:08]} 27. Qc3 {[%emt 0:01:24]} Qd6 {[%emt 0:04:
21]} 28. Qd2 {[%emt 0:04:17]} Qe7 {[%emt 0:02:29]} 29. b4 {[%emt 0:00:51]} f6 {
[%emt 0:04:10]} 30. a3 {[%emt 0:01:26]} Bf8 {[%emt 0:01:19]} 31. Ba2 {[%emt 0:
02:01]} Qd6 {[%emt 0:02:59]} 32. Qc2 {[%emt 0:00:41]} Kg7 {[%emt 0:02:52]} 33.
Bb3 {[%emt 0:01:46]} c5 {[%emt 0:10:32]} 34. b5 {[%emt 0:00:54]} Nd4 {[%emt 0:
00:15]} 35. Qd1 {[%emt 0:00:58]} Be6 {[%emt 0:03:58]} 36. Nfxd4 {[%emt 0:00:44]
} cxd4 {[%emt 0:00:28]} 37. a4 {[%emt 0:00:25]} Qb4 {[%emt 0:00:27]} 38. Qc1 {
[%emt 0:01:02]} Qxb3 {[%emt 0:12:29]} 39. Qd1 {[%emt 0:01:02]} Qb4 {[%emt 0:00:
00]} 0-1